01329nmm a2200277 450000100060000000300160000600500170002200800410003904000420008004100080012207200280013010000310015824502040018926000450039330000130043833600270045133700270047833800390050550000840054450200970062865000370072565000500076265000380081270000510085085601500090157774Biblioteca APEC20251014134039.0221015b2018 dr ||||| |||| 00| 0 spa d aBiblioteca APECbspacBiblioteca APEC aspa aFacultad de Humanidades10aThomas, Luis Joséeautor10aDiseño y evaluación por competencia en probabilidad y estadística en 4to. grado de media Eugenio María de Hostos, Veragua /cLuis José Thomas ; asesor: Santiago de Jesús Artidiello Moreno aSanto Domingo :bUniversidad APEC,c2018 a1 CD ROM aTextobtxt2rdacontent aordenadorbc2rdamedia arecurso en líneabcr2rdacarrier aTesis en Formato PDF. Tesis en Formato Electrónico. Tesis en Formato Digital. aTesis (Maestría en la Enseñanza de Matemática Media-Superior) - Universidad APEC, 2018 72lembaMatemáticasxEnseñanza 72lembaEstadística matemáticaxEnseñanza 72lembaProbabilidadesxEnseñanza 0aArtidiello Moreno, Santiago de Jesúseasesor uhttps://bibliotecaunapec.blob.core.windows.net/tesis/TPG_C1_MMM_04_2018_eT220433.pdfyHacer clic para ver el PDF (1.07 MB). Trabajo de posgrado